Visualizzazione normale
Vista MARC
- Delpogetto, Fortunato
di Personal Name
Records bibliografici associati: 1
001 - CONTROL NUMBER
- control field: 733
003 - CONTROL NUMBER IDENTIFIER
- control field: IT-RoPau
005 - DATE AND TIME OF LATEST TRANSACTION
- control field: 20130626091509.0
008 - FIXED-LENGTH DATA ELEMENTS
- fixed length control field: 130626|| aca||aabn | a|a d
040 ## - CATALOGING SOURCE
- Original cataloging agency: IT-RoPau
- Transcribing agency: IT-RoPau
100 ## - HEADING--PERSONAL NAME
- Personal name: Delpogetto, Fortunato
670 ## - SOURCE DATA FOUND
- Source citation: Work cat.: (IT-RoPau)28849: Delpogetto, Fortunato, Fiori di giardino 1° Vol., 1992